MARC details
| 000 -LEADER |
| fixed length control field |
02606cas a2200637 a 4500 |
| 001 - CONTROL NUMBER |
| control field |
20447837 |
| 003 - CONTROL NUMBER IDENTIFIER |
| control field |
OSt |
| 005 - DATE AND TIME OF LATEST TRANSACTION |
| control field |
20250901165802.0 |
| 006 - FIXED-LENGTH DATA ELEMENTS--ADDITIONAL MATERIAL CHARACTERISTICS |
| fixed length control field |
m o d |
| 007 - PHYSICAL DESCRIPTION FIXED FIELD--GENERAL INFORMATION |
| fixed length control field |
cr mnu|||||||| |
| 008 - FIXED-LENGTH DATA ELEMENTS--GENERAL INFORMATION |
| fixed length control field |
180412c19779999ne qr pso 0 a0eng c |
| 010 ## - LIBRARY OF CONGRESS CONTROL NUMBER |
| LC control number |
2007233739 |
| 016 7# - NATIONAL BIBLIOGRAPHIC AGENCY CONTROL NUMBER |
| Record control number |
2004869-5 |
| Source |
DE-600 |
| 016 7# - NATIONAL BIBLIOGRAPHIC AGENCY CONTROL NUMBER |
| Record control number |
012432606 |
| Source |
Uk |
| 022 ## - INTERNATIONAL STANDARD SERIAL NUMBER |
| International Standard Serial Number |
1573-076X |
| ISSN-L [OBSOLETE] |
0165-005X |
| 035 ## - SYSTEM CONTROL NUMBER |
| System control number |
(OCoLC)ocm41558708 |
| 037 ## - SOURCE OF ACQUISITION |
| Source of stock number/acquisition |
Kluwer Academic Publishers, Spuiboulevard 50, P.O. Box 17, 3300 AA Dordrecht, The Netherlands |
| 040 ## - CATALOGING SOURCE |
| Original cataloging agency |
F#A |
| Language of cataloging |
eng |
| Description conventions |
pn |
| Transcribing agency |
F#A |
| Modifying agency |
OCLCQ |
| -- |
MUQ |
| -- |
OCLCQ |
| -- |
FQM |
| -- |
GUA |
| -- |
MYG |
| -- |
OCLCQ |
| -- |
BUF |
| -- |
OCLCF |
| -- |
OCLCQ |
| -- |
Z5A |
| -- |
OCLCO |
| -- |
WT2 |
| -- |
RCE |
| -- |
OCLCQ |
| -- |
NTG |
| -- |
OCLCQ |
| -- |
OCLCO |
| -- |
AU@ |
| -- |
OCLCO |
| -- |
WYU |
| -- |
UKMGB |
| -- |
U3W |
| -- |
OCLCO |
| -- |
AUD |
| -- |
OCLCA |
| -- |
VT2 |
| -- |
OCLCO |
| -- |
DLC |
| -- |
SFB |
| -- |
OCLCA |
| -- |
OCLCQ |
| -- |
OCLCA |
| -- |
OCLCQ |
| -- |
OCLCA |
| -- |
CNMTR |
| -- |
UEJ |
| -- |
LDP |
| -- |
UBY |
| -- |
OCLCQ |
| 042 ## - AUTHENTICATION CODE |
| Authentication code |
pcc |
| 050 00 - LIBRARY OF CONGRESS CALL NUMBER |
| Classification number |
RC 455 .4.E8 1999 |
| 060 00 - NATIONAL LIBRARY OF MEDICINE CALL NUMBER |
| Classification number |
W1 |
| Item number |
CU446 |
| 082 04 - DEWEY DECIMAL CLASSIFICATION NUMBER |
| Classification number |
616.89 |
| 130 0# - MAIN ENTRY--UNIFORM TITLE |
| Uniform title |
Culture, medicine and psychiatry (Online) |
| 245 10 - TITLE STATEMENT |
| Title |
Culture, medicine and psychiatry. |
| 260 ## - PUBLICATION, DISTRIBUTION, ETC. |
| Place of publication, distribution, etc. |
[Dordrecht] : |
| Name of publisher, distributor, etc. |
Kluwer Academic Publishers |
| 260 3# - PUBLICATION, DISTRIBUTION, ETC. |
| Materials specified |
<2009-> : |
| Place of publication, distribution, etc. |
[Dordrecht] : |
| Name of publisher, distributor, etc. |
Springer Netherlands |
| 300 ## - PHYSICAL DESCRIPTION |
| Extent |
1 online resource |
| 310 ## - CURRENT PUBLICATION FREQUENCY |
| Current publication frequency |
Quarterly |
| 336 ## - CONTENT TYPE |
| Content type term |
text |
| Content type code |
txt |
| Source |
rdacontent |
| 337 ## - MEDIA TYPE |
| Media type term |
computer |
| Media type code |
c |
| Source |
rdamedia |
| 338 ## - CARRIER TYPE |
| Carrier type term |
online resource |
| Carrier type code |
cr |
| Source |
rdacarrier |
| 362 1# - DATES OF PUBLICATION AND/OR SEQUENTIAL DESIGNATION |
| Dates of publication and/or sequential designation |
Began with vol. 1, issue 1 (Apr. 1977). |
| 588 0# - SOURCE OF DESCRIPTION NOTE |
| Source of description note |
Vol. 1, issue 1 (Apr. 1977); title from journal contents page (SpringerLink, viewed Nov. 2, 2009). |
| 588 1# - SOURCE OF DESCRIPTION NOTE |
| Source of description note |
Vol. 43, issue 2 (June 2019) (viewed Aug. 7, 2019). |
| 650 #0 - SUBJECT ADDED ENTRY--TOPICAL TERM |
| Topical term or geographic name entry element |
Psychiatry, Transcultural |
| Form subdivision |
Periodicals. |
| 650 #0 - SUBJECT ADDED ENTRY--TOPICAL TERM |
| Topical term or geographic name entry element |
Social psychiatry |
| Form subdivision |
Periodicals. |
| 650 #0 - SUBJECT ADDED ENTRY--TOPICAL TERM |
| Topical term or geographic name entry element |
Medical anthropology |
| Form subdivision |
Periodicals. |
| 650 #2 - SUBJECT ADDED ENTRY--TOPICAL TERM |
| Topical term or geographic name entry element |
Anthropology. |
| 650 #2 - SUBJECT ADDED ENTRY--TOPICAL TERM |
| Topical term or geographic name entry element |
Cross-Cultural Comparison. |
| 650 #2 - SUBJECT ADDED ENTRY--TOPICAL TERM |
| Topical term or geographic name entry element |
Psychiatry. |
| 650 #2 - SUBJECT ADDED ENTRY--TOPICAL TERM |
| Topical term or geographic name entry element |
Medicine. |
| 650 #6 - SUBJECT ADDED ENTRY--TOPICAL TERM |
| Topical term or geographic name entry element |
Ethnopsychiatrie |
| Form subdivision |
Périodiques. |
| 650 #6 - SUBJECT ADDED ENTRY--TOPICAL TERM |
| Topical term or geographic name entry element |
Psychiatrie sociale |
| Form subdivision |
Périodiques. |
| 650 #6 - SUBJECT ADDED ENTRY--TOPICAL TERM |
| Topical term or geographic name entry element |
Anthropologie médicale |
| Form subdivision |
Périodiques. |
| 650 #7 - SUBJECT ADDED ENTRY--TOPICAL TERM |
| Topical term or geographic name entry element |
Psychiatry. |
| Source of heading or term |
ebps |
| Authority record control number or standard number |
(uri) http://www.ncbi.nlm.nih.gov/mesh/?term=D011570 |
| 650 #7 - SUBJECT ADDED ENTRY--TOPICAL TERM |
| Topical term or geographic name entry element |
Medical anthropology. |
| Source of heading or term |
fast |
| Authority record control number or standard number |
(OCoLC)fst01013693 |
| 650 #7 - SUBJECT ADDED ENTRY--TOPICAL TERM |
| Topical term or geographic name entry element |
Psychiatry, Transcultural. |
| Source of heading or term |
fast |
| Authority record control number or standard number |
(OCoLC)fst01081208 |
| 650 #7 - SUBJECT ADDED ENTRY--TOPICAL TERM |
| Topical term or geographic name entry element |
Social psychiatry. |
| Source of heading or term |
fast |
| Authority record control number or standard number |
(OCoLC)fst01122811 |
| 655 #7 - INDEX TERM--GENRE/FORM |
| Genre/form data or focus term |
Periodicals. |
| Source of term |
fast |
| Authority record control number or standard number |
(OCoLC)fst01411641 |
| 655 #7 - INDEX TERM--GENRE/FORM |
| Genre/form data or focus term |
Periodicals. |
| Source of term |
lcgft |
| 776 08 - ADDITIONAL PHYSICAL FORM ENTRY |
| Relationship information |
Print version: |
| Title |
Culture, medicine and psychiatry |
| International Standard Serial Number |
0165-005X |
| Record control number |
(DLC) 79642232 |
| -- |
(OCoLC)3375343 |
| 906 ## - LOCAL DATA ELEMENT F, LDF (RLIN) |
| a |
7 |
| b |
cbc |
| c |
sercoop |
| d |
2 |
| e |
ncip |
| f |
20 |
| g |
n-oclcserc |
| 942 ## - ADDED ENTRY ELEMENTS (KOHA) |
| Source of classification or shelving scheme |
Library of Congress Classification |
| Koha item type |
Books |